Obálka Náhled e-knihy:
Epub
Pro půjčování e-knih musíte být přihlášeni.
Jak si půjčit online?

Andělé v bílých pláštích. Světlo v bouři /

Druhý díl ságy z lékařského prostředí se odehrává na úsvitu nacistické éry.

Uloženo v:
Série:Andělé v bílých pláštích, část 2
Hlavní autor: Bomann, Corina, 1974- (Autor)
Další autoři: Soukupová, Zuzana, 1949- (Autor)
Médium: E-kniha
Jazyk:Czech
Vydáno: Praha : Ikar, 2024
Vydání:Vydání první
Témata:
On-line přístup:Plný text - pro registrované uživatele NK ČR
Příbuzné jednotky:Z cyklu:: Andělé v bílých pláštích
Tagy:
Žádné tagy
LEADER 02923nam a2200481 i 4500
001 312473
003 CZ PrSKC
005 20260601215723.0
007 ta
008 240912s2024 xr g 000 f cze
015 |a cnb003597226 
020 |a 9788024954448  |q (vázáno) 
035 |a (OCoLC)1468021255 
040 |a ABG001  |b cze  |d ABA001  |e rda 
041 1 |a cze  |h ger 
072 7 |a 821.112.2-3  |x Německá próza, německy psaná  |2 Konspekt 
080 |a 821.112.2-31  |2 MRF 
080 |a (0:82-31)-055.2  |2 MRF 
100 1 |a Bomann, Corina,  |d 1974-  |7 xx0182405  |4 aut 
240 1 0 |a Leuchtfeuer.  |l Česky 
245 1 0 |a Andělé v bílých pláštích.  |p Světlo v bouři /  |c Corina Bomannová ; z německého originálu Die Schwestern vom Waldfriede - Leuchtfeuer ... přeložila Zuzana Soukupová 
246 3 0 |a Světlo v bouři 
250 |a Vydání první 
264 1 |a Praha :  |b Ikar,  |c 2024 
300 |a 487 stran ;  |c 24 cm 
336 |a text  |b txt  |2 rdacontent 
337 |a bez média  |b n  |2 rdamedia 
338 |a svazek  |b nc  |2 rdacarrier 
520 2 |a Druhý díl ságy z lékařského prostředí se odehrává na úsvitu nacistické éry.  |b Berlín 1933. Ve chvíli, kdy nemocnice Waldfriede konečně začala naplno pracovat a získala oblibu u pacientů, začínají se na obzoru stahovat temná mračna - moci v zemi se chápou nacisti. Nemocnice a její personál se náhle ocitají v centru pozornosti nových mocipánů. Mladá zdravotní sestra Lilly se víc než o sebe stará o své malé bezbranné pacienty a své nejbližší. Už delší dobu si uvědomuje, že její city k lékaři Rudolphu Kirschovi překročily rámec pracovního vztahu. Tuší, že není jediná, kdo pečlivě skrývá své tajemství. Doba je stále hrozivější a Lilly zoufalejší. Má riskovat a možná nakonec ztratit to, co je jí nejmilejší? Nakladatelská anotace. 
655 7 |a německé romány  |7 fd132945  |2 czenas 
655 7 |a romány pro ženy  |7 fd187897  |2 czenas 
655 9 |a German fiction  |2 eczenas 
655 9 |a women's novels  |2 eczenas 
700 1 |a Soukupová, Zuzana,  |d 1949-  |7 jk01120576  |4 trl 
765 1 |t Schwestern vom Waldfriede 
787 0 8 |i Z cyklu:  |t Andělé v bílých pláštích  |g 2 
856 4 1 |u https://www.bookport.cz/AccountSaml/SignIn/?idp=https%3A%2F%2Fshibboleth.nkp.cz%2Fidp%2Fshibboleth&returnUrl=/kniha/svetlo-v-bouri-15556/  |y Plný text - pro registrované uživatele NK ČR  |4 N 
900 |a ABA001  |b 21 
928 9 |a Euromedia Group - Ikar 
044 |a xr 
910 |a RBIT002 
998 |d 408808  |a https://core.palmknihy.cz/api/books/408808/cover?shj4ln  |b https://core.palmknihy.cz/api/books/408808/cover/400?shj4ln  |c https://core.palmknihy.cz/api/books/408808/cover/50?shj4ln  |e 2028-03-17  |g 488  |i 9788024954448  |j https://core.palmknihy.cz/api/books/408808/preview.epub  |l   |q 49  |r 1  |s https://www.palmknihy.cz/kniha/408808  |t ebook  |y 2024  |z 0  |v Andělé v bílých pláštích  |w 2 
999 |d 312471